Pays du monde en anglais - Statistiques

Statistiques générales
  • Ce quiz a été pris 2 050 fois
  • Le résultat moyen est 86 sur 196
Réponses sur la Carte
Les réponses sont colorées sur une échelle allant du rouge au vert en fonction du pourcentage des utilisateurs qui les ont devinées à leur premier essai. Vous pouvez retrouver ces pourcentages ci-dessous.
 
Statistiques - réponses
Pays % Correct
France
91%
Canada
88%
Russia
84%
Spain
83%
Mexico
82%
Italy
81%
United States
81%
Australia
80%
China
80%
Portugal
79%
Germany
76%
India
76%
Argentina
75%
United Kingdom
74%
Algeria
73%
Brazil
73%
Japan
73%
Belgium
70%
Egypt
70%
South Africa
69%
Morocco
68%
Finland
67%
Tunisia
66%
Ukraine
66%
Cuba
65%
Ireland
65%
Colombia
64%
Greece
63%
Sweden
63%
Madagascar
62%
New Zealand
62%
Norway
61%
Poland
61%
Switzerland
61%
Iran
60%
Peru
60%
Venezuela
60%
Chile
59%
Mongolia
59%
Niger
59%
North Korea
59%
South Korea
59%
Uruguay
59%
Austria
58%
Iceland
58%
Libya
58%
Mali
58%
Pakistan
58%
Paraguay
58%
Turkey
58%
Bolivia
57%
Indonesia
57%
Thailand
56%
Albania
55%
Croatia
55%
Panama
55%
Nigeria
54%
Yemen
54%
Denmark
53%
Kazakhstan
53%
Netherlands
53%
Romania
53%
Senegal
53%
Estonia
52%
Vietnam
52%
Afghanistan
51%
Israel
51%
Luxembourg
51%
Qatar
51%
Somalia
51%
Bulgaria
50%
Costa Rica
50%
Oman
50%
Guyana
49%
Haiti
49%
Serbia
49%
Syria
49%
Ethiopia
48%
Guatemala
48%
Angola
47%
Jordan
47%
Kenya
47%
Mauritania
47%
Nepal
47%
Philippines
47%
Slovenia
47%
Sudan
47%
Zimbabwe
46%
Guinea
45%
Honduras
45%
Iraq
45%
Jamaica
45%
Laos
45%
Sri Lanka
45%
Suriname
45%
Bangladesh
44%
Ghana
44%
Hungary
44%
Nicaragua
44%
Togo
44%
Armenia
43%
Dominica
43%
Georgia
43%
Taiwan
43%
Tanzania
43%
Bahamas
42%
Ecuador
42%
Malta
42%
Saudi Arabia
42%
Slovakia
42%
Zambia
42%
Belarus
41%
Belize
41%
Kosovo
41%
Monaco
41%
Benin
40%
Namibia
40%
Gabon
39%
South Sudan
39%
Botswana
38%
Burkina Faso
38%
Liberia
38%
Montenegro
38%
Andorra
37%
Chad
37%
Mozambique
37%
Rwanda
37%
Turkmenistan
37%
Cyprus
35%
Lebanon
35%
Lesotho
35%
Malaysia
35%
Maldives
35%
Djibouti
34%
Latvia
34%
Cambodia
33%
Lithuania
33%
Malawi
33%
Cameroon
32%
Czech Republic
32%
Gambia
32%
Seychelles
32%
Uzbekistan
32%
Eswatini
31%
Ivory Coast
31%
Sierra Leone
31%
Burundi
30%
El Salvador
30%
Myanmar
30%
North Macedonia
30%
Uganda
30%
Dominican Republic
29%
Liechtenstein
29%
Guinea-Bissau
28%
United Arab Emirates
27%
Azerbaijan
26%
Kiribati
26%
Moldova
26%
Tuvalu
26%
Bhutan
25%
Vanuatu
25%
Brunei
24%
Fiji
24%
Nauru
24%
Samoa
24%
Tonga
24%
Bosnia and Herzegovina
23%
Kuwait
23%
San Marino
23%
Bahrain
22%
Equatorial Guinea
22%
Grenada
22%
Singapore
22%
Vatican City
22%
Barbados
20%
Eritrea
19%
Mauritius
19%
Cape Verde
18%
Papua New Guinea
18%
Saint Lucia
18%
Tajikistan
18%
Antigua and Barbuda
16%
Central African Republic
16%
Comoros
16%
Marshall Islands
16%
São Tomé and Príncipe
15%
Trinidad and Tobago
15%
Democratic Republic of the Congo
14%
Kyrgyzstan
12%
Palau
12%
East Timor
11%
Republic of the Congo
11%
Solomon Islands
11%
Saint Vincent and the Grenadines
10%
Saint Kitts and Nevis
9%
Federated States of Micronesia
5%
Aucun quiz correspondant
Distribution des résultats
% des personnes avec chaque résultat
Percentile par nombre de réponses
Votre historique - résultats
Vous n’avez pas pris ce quiz